| 000 | 00777cab a2200217 4500 | ||
|---|---|---|---|
| 001 | WB2732-45 | ||
| 008 | 090401t1991 xxu||||| |||| 00| 0 eng d | ||
| 035 | _a(Sirsi) u60695 | ||
| 041 | _aeng | ||
| 245 | _aCustoms and Excise may surrender lease VAT to Lubbock Fine | ||
| 260 | _c1991 | ||
| 350 | _a0 | ||
| 490 |
_aLubbock Fine Press Release _v7 August 1991 2 pages |
||
| 490 |
_aEstates Times _vno 1108 16/8/91 p3 (3) |
||
| 520 | _aFollowing a recent VAT tribunal giving Lubbock Fine leave to appeal to the EC Court of Justice , HM Customs and Excise may have to consider its rules on the assessment of VAT on the surrender of commercial property leases. | ||
| 650 | _aCOMMUNITY LAW | ||
| 650 | _aUK LAW | ||
| 690 | _aTAXATION | ||
| 942 | _n0 | ||
| 948 | _c04/03/1997 | ||
| 999 |
_c37494 _d37494 |
||